000 00491nam a2200181Ia 4500
001 48883
008 140430s9999 xx 000 0 und d
020 _a9051839979
040 _cPK-LaUMT
082 _aR 320.01
_bPOL-
100 _aEsquith, Stephen L.
245 _aPolitical dialogue
_btheories and practices
_cEsquith, Stephen L.
260 _aAmsterdam,Neitherland:
_bRodopi B. V.,
_c1996
300 _a355 p.
546 _aEN
650 _aPolitical science-Philosophy
942 _cBK
999 _c46675
_d46675